00876nam a2200241 a 4500001001000000005001700010008004100027020001500068040001800083050002800101100002400129245005200153260002800205300004200233500007800275504003200353650003100385650004600416650003700462942001100499999001500510952010900525BRCA_120220190320203327.0820209s1981 sp-a---##b---#001-0#spa-# a8485800117 aDLCcDLCdDLC 4aNK3649.55.E7b.K96 19811 aKuoni, Bignia9394810aCestería tradicional ibéricacBignia Kuoni. aBarcelonabSerbalc1981 a328 p.bil. (algunas a color)c26 cm. aIncluye índice geográfico, índice análitico e índice de nombres aBibliografía : p. 314-31814aCesteríaxHistoria9394914aCesteríaxTécnicas y materiales9395014aCesteríaxMuseoszEuropa93951 2lcccB c1075d1075 00104070aBRCAbBRCAd2008-06-26l0oNK3649.55.E7 .K96 1981p01819r2019-03-22 00:00:00w2019-03-22yB